Can You Name All The Characteristics Of Lumi From Brawl Stars? - Statistics

General Stats
  • This quiz has been taken 1 time
  • The average score is 8 of 15
Answer Stats
Hint Answer % Correct
Star Power 42% Burnt
100%
Class Damage Dealer
100%
Hypercharge Drum Solo
100%
Title Headbanger
100%
Trio Madevil Manor
100%
Rarity Mythic
100%
Buffies No
100%
Trait No
100%
Super Blast Beat
0%
Attack Good Morning... Star
0%
Gadgets Grim and Frostbitten
0%
Star Power Half-time
0%
Gadgets Hit the Lights
0%
Prestige Title Hot And Cold
0%
Voice Actor Tuuli Paju
0%
No matching quizzes found
Score Distribution
Percent of People with Each Score
Percentile by Number Answered
Your Score History
You have not taken this quiz